| 000 | 00869nac a22002651i 4500 | ||
|---|---|---|---|
| 003 | EG-ScBUE | ||
| 005 | 20250326092814.0 | ||
| 008 | 250313t2002 ii a fr 001 0 eng d | ||
| 020 | _a8122413897 | ||
| 040 |
_aEG-ScBUE _beng _erda _cEG-ScBUE _dEG-ScBUE |
||
| 082 | 0 | 4 |
_a526.9 _bCHA _222 |
| 100 | 1 |
_aChandra, A. M., _eauthor. |
|
| 245 | 1 | 0 |
_aPlane surveying / _cA. M. Chandra, prof. of civil engineering, Indian Institute of Technology, (Roorkee). |
| 264 | 1 |
_aDaryaganj, New Delhi : _bNew Age International (P.) Limited, _c[2002] |
|
| 264 | 4 | _cc2002 | |
| 300 |
_axvi, 652 pages : _billustrations ; _c24 cm |
||
| 336 |
_2rdacontent _atext _btxt |
||
| 337 |
_aunmediated _2rdamedia _bn |
||
| 338 |
_avolume _bnc _2rdacarrier |
||
| 500 | _aIncludes index. | ||
| 500 | _aIncludes appendix. | ||
| 650 | 7 |
_aSurveying. _2BUEsh |
|
| 655 | _vReading book | ||
| 942 |
_cBB _2ddc |
||
| 999 |
_c1346 _d1346 |
||